| 000 | 00443nam a2200169Ia 4500 | ||
|---|---|---|---|
| 008 | 240830s2001 xx 000 0 und d | ||
| 041 | _amar | ||
| 082 | _a613/SWA | ||
| 100 | _aSWASTHI S | ||
| 245 | _aPRANAYAM SADHANA V ADHBHUT CHAMATKAR | ||
| 250 | _a1 ST | ||
| 260 |
_aPUNE _bRAGHUVANSHI PRAKASHAN, PUNE _c2001 |
||
| 300 | _a136p | ||
| 650 | _aSWASTHAVRUTTA | ||
| 906 | _aPRANAYAM SADHANA V ADHBHUT CHAMATKAR | ||
| 999 |
_c1201833 _d1201833 |
||